Moodsa elu õppetunnid

Titel: Moodsa elu õppetunnid / Anu Kannike, Madle Uibo ; toimetaja Ivika Arumäe ; kujundanud Kaspar Ehlvest
Verfasser: ;
Beteiligt:
Veröffentlicht: [Tallinn] : Argo, [2022]
Umfang: 303 Seiten : Illustrationen
Format: Buch
Sprache: Estnisch
Schlagworte:
ISBN: 9789916704165
Buchumschlag
X
alg: 50182904
001A    $03004:22-11-22 
001B    $01999:21-02-25 $t22:50:12.000 
001D    $03004:10-01-23 
001U    $0utf8 
001X    $00 
002@    $0Aau 
002C    $aText $btxt $2rdacontent 
002D    $aohne Hilfsmittel zu benutzen $bn $2rdamedia 
002E    $aBand $bnc $2rdacarrier 
003@    $0501829040 
004A    $A978-9916-704-16-5 
007A    $0501829040 $aHEB 
007G    $0DE020F4FAFCF8A5797AE1C125894700325FE2 
009P    $qapplication/pdf $A2 $3Inhaltsverzeichnis $uhttp://scans.hebis.de/HEBCGI/show.pl?50182904_toc.pdf $mV:DE-603;B:DE-Mb50 
009P    $qapplication/pdf $A2 $3Abstract $uhttp://scans.hebis.de/HEBCGI/show.pl?50182904_sum.pdf $mV:DE-603;B:DE-Mb50 
009P    $qapplication/pdf $A2 $3Cover $uhttp://scans.hebis.de/HEBCGI/show.pl?50182904_cov.pdf $mV:DE-603;B:DE-Mb50 
009P    $qapplication/pdf $A2 $3Register $uhttp://scans.hebis.de/HEBCGI/show.pl?50182904_idx.pdf $mV:DE-603;B:DE-Mb50 
009P    $qapplication/pdf $A2 $3Buch Bibliographie $uhttp://scans.hebis.de/HEBCGI/show.pl?50182904_bib.pdf $mV:DE-603;B:DE-Mb50 
010@    $aest 
010E    $erda 
011@    $a2022 $n[2022] 
021A    $aMoodsa elu õppetunnid $hAnu Kannike, Madle Uibo ; toimetaja Ivika Arumäe ; kujundanud Kaspar Ehlvest 
028A    $BVerfasser $4aut $7132883570 $8Kannike, Anu$Z1967- [Tp1] $9186013000 
028C    $BVerfasser $4aut $8Uibo, Madle [Tnu] $9501828915 
028C    $BHerausgeber $4edt $8Arumäe, Ivika$Z1961- [Tp3] $9513269568 
033A    $p[Tallinn] $nArgo 
034D    $a303 Seiten 
034M    $aIllustrationen 
037A    $aLiteraturverzeichnis Seite 262-280 
044K    $RGouvernement Estland $REstnische Sozialistische Sowjetrepublik $#Estland $#Estland $#Republik Estland $#Estnische Republik $#Eesti $#Eesti Vabariik $#EV $#Estonia $#Republic of Estonia $#Estonie $#Ėstonskaja Respublika $74015587-0 $8Estland [Tg1] $9085035777 
044K    $RModernität $RPostmoderne $#Civilization, Modern $#Civilisation moderne $#Moderne $#Avantgarde Moderne $74039827-4 $8Moderne [Ts1] $9085109002 
044K    $RLebensführung $RLeben $#Lifestyles $#Modes de vie $#Lebensstil $#Lebensstil $#Life style $#Lifestyle $#Lebensführung Stil $74138354-0 $8Lebensstil [Ts1] $908552235X 
044K    $RLebenshaltung $RWohlfahrt $#Cost and standard of living $#Coût et niveau de la vie $#living standards $#Lebensstandard $#Lebensstandard $#Lebensführung Lebensstandard $#Lebensniveau $74134319-0 $8Lebensstandard [Ts1] $9085491128 
044K    $RWirtschaftliches Verhalten $RKaufverhalten $RNachfrageverhalten $#Consumer behavior $#Consumers' preferences $#Consommateurs Attitude $#Consommateurs Attitude (psychologie) $#Consumidores Preferencias $#consumer behaviour $#Konsumentenverhalten $#Konsumverhalten $#Käuferverhalten Verbraucherverhalten $#Konsumverhalten $#Verbrauchergewohnheiten $#Konsumgewohnheiten $#Konsumentenverhalten $#Kundenverhalten $#Verbraucher Verhalten $74062644-1 $8Verbraucherverhalten [Ts1] $9085174769 
044K    $RSportler $RSportwissenschaft $#Sports $#Sports $#Sport $#sport $#Sport $#Sport $#Körperertüchtigung $#Leibesübungen Sport $#Athletik $74056366-2 $8Sport [Ts1] $9085156817 
044K    $#Gesellschaftliches Leben $#Soziales Leben $74071788-4 $8Gesellschaftsleben [Ts1] $9085202096 
044K    $RAufkleber $#Labels $#Étiquettes $#Etichette $#Etiquetado $#Etikett $#Label Etikett $74131166-8 $8Etikett [Ts1] $9085466816 
045F    $a306.09479809042 $eDDC23BSB 
045F/01 $a306.09 
045F/03 $f09042 
045F/03 $f09043 
045F/03 $g4798 
045R    $aSozialgeschichte 1920-1939 

lok: 50182904 24

exp: 50182904 24 1 #EPN
201B/01 $010-01-23 $t13:44:53.000 
201C/01 $022-11-22 
201U/01 $0utf8 
203@/01 $01220320455 
208@/01 $a10-01-23 $bz 
209A/01 $a22.06899 $du $f050 $h22 06899 $x00 
209C/01 $a22.06899 K $h22 06899 K 
209G/01 $a74278507 $x00 
220C/01 $akoe 
247C/01 $8358050-7 Marburg, Bibliothek des Herder-Instituts Marburg $9102600961
LEADER 00000cam a2200000 c 4500
001 501829040
003 DE-603
005 20250221225012.0
007 tu
008 221122s2022 xx |||| | u00||u|est c
020 |a 9789916704165 
035 |a (DE-599)HEB501829040 
040 |a DE-603  |b ger  |c DE-603  |d DE-603  |e rda 
041 |a est 
082 0 4 |8 1\u  |a 306.09479809042  |q DE-101  |2 23/BSB 
085 |8 1\u  |b 306.09 
085 |8 1\u  |z 1  |s 09042 
085 |8 1\u  |z 1  |s 09043 
085 |8 1\u  |z 2  |s 4798 
100 1 |a Kannike, Anu  |d 1967-  |e Verfasser  |4 aut  |0 (DE-603)186013000  |0 (DE-588)132883570  |2 gnd 
245 0 0 |a Moodsa elu õppetunnid  |c Anu Kannike, Madle Uibo ; toimetaja Ivika Arumäe ; kujundanud Kaspar Ehlvest 
264 1 |a [Tallinn]  |b Argo  |c [2022] 
300 |a 303 Seiten  |b Illustrationen 
336 |a Text  |b txt  |2 rdacontent 
337 |a ohne Hilfsmittel zu benutzen  |b n  |2 rdamedia 
338 |a Band  |b nc  |2 rdacarrier 
500 |a Literaturverzeichnis Seite 262-280 
648 7 |a Sozialgeschichte 1920-1939  |2 gnd 
650 7 |a Moderne  |0 (DE-588)4039827-4  |0 (DE-603)085109002  |2 gnd 
650 7 |a Lebensstil  |0 (DE-588)4138354-0  |0 (DE-603)08552235X  |2 gnd 
650 7 |a Lebensstandard  |0 (DE-588)4134319-0  |0 (DE-603)085491128  |2 gnd 
650 7 |a Verbraucherverhalten  |0 (DE-588)4062644-1  |0 (DE-603)085174769  |2 gnd 
650 7 |a Sport  |0 (DE-588)4056366-2  |0 (DE-603)085156817  |2 gnd 
650 7 |a Gesellschaftsleben  |0 (DE-588)4071788-4  |0 (DE-603)085202096  |2 gnd 
650 7 |a Etikett  |0 (DE-588)4131166-8  |0 (DE-603)085466816  |2 gnd 
651 7 |a Estland  |0 (DE-588)4015587-0  |0 (DE-603)085035777  |2 gnd 
700 1 |a Uibo, Madle  |e Verfasser  |4 aut  |0 (DE-603)501828915 
700 1 |a Arumäe, Ivika  |d 1961-  |e Herausgeber  |4 edt  |0 (DE-603)513269568  |0 (DE-588)1310060827  |2 gnd 
856 4 2 |m V:DE-603;B:DE-Mb50  |q application/pdf  |u http://scans.hebis.de/HEBCGI/show.pl?50182904_toc.pdf  |3 Inhaltsverzeichnis 
856 4 2 |m V:DE-603;B:DE-Mb50  |q application/pdf  |u http://scans.hebis.de/HEBCGI/show.pl?50182904_sum.pdf  |3 Abstract 
856 4 2 |m V:DE-603;B:DE-Mb50  |q application/pdf  |u http://scans.hebis.de/HEBCGI/show.pl?50182904_cov.pdf  |3 Cover 
856 4 2 |m V:DE-603;B:DE-Mb50  |q application/pdf  |u http://scans.hebis.de/HEBCGI/show.pl?50182904_idx.pdf  |3 Register 
856 4 2 |m V:DE-603;B:DE-Mb50  |q application/pdf  |u http://scans.hebis.de/HEBCGI/show.pl?50182904_bib.pdf  |3 Buch Bibliographie 
924 0 |9 Mb 50  |a (DE-603)1220320455  |b DE-Mb50  |c HES  |d c  |g 22.06899